Περιβάλλον : διεθνής προστασία, πολιτική, δίκαιο, θεσμοί = Environment : international protection, politics, law, institutions
Αποθηκεύτηκε σε:
| Άλλοι συγγραφείς: | |
|---|---|
| Μορφή: | Βιβλίο |
| Γλώσσα: | Greek |
| Δημοσίευση: |
Αθήνα :
Ι. Σιδέρης,
2017.
|
| Θέματα: | |
| Ετικέτες: |
Προσθήκη ετικέτας
Δεν υπάρχουν, Καταχωρήστε ετικέτα πρώτοι!
|
MARC
| LEADER | 00000nam a2200000 a 4500 | ||
|---|---|---|---|
| 001 | 1/116618 | ||
| 008 | 180524s2017####gr | ||| |||| ||gre|| | ||
| 020 | |a 9789600807561 | ||
| 040 | |a GR-MyUa |b gre |c GR-MyUa |e AACR2 | ||
| 041 | 0 | |a gre | |
| 082 | 7 | |a 344.046 |2 (23) | |
| 245 | 0 | 0 | |a Περιβάλλον : |b διεθνής προστασία, πολιτική, δίκαιο, θεσμοί = Environment : international protection, politics, law, institutions / |c Γρηγόρης Ι. Τσάλτας, επιμέλεια-παρουσίαση. |
| 246 | 0 | |a Environment : |b international protection, politics, law, institutions | |
| 260 | |a Αθήνα : |b Ι. Σιδέρης, |c 2017. | ||
| 300 | |a 649 σ. ; |c 29 εκ. | ||
| 500 | |a Συμμετέχουν: Σταύρος Μαυρογένης, Τηλέμαχος Μπούρτζης, Γεράσιμος Ροδοθέατος. Πρόλογος Χρήστος Ζέφειρος. | ||
| 504 | |a Περιλαμβάνει βιβλιογραφία και ευρετήριο. | ||
| 650 | 0 | |a Environmental protection |x International cooperation. | |
| 650 | 0 | |a Environmental law, International. | |
| 650 | 0 | |a Environmental policy |x International cooperation. | |
| 700 | 1 | |a Τσάλτας, Γρηγόρης Ι., |d 1950- |e edt | |
| 852 | |a INST |b LESVOS |c EUDOXUS |e 20180524 |h 344.046 ΠΕΡ |p 005100060313 |q 005100060313 |t EDX |y 0 | ||
| 920 | |a Εύδοξος |b Παραγγελία |y Λέσβος-ΤΠ |z 2018-04 | ||
| 970 | |z 24-05-2018 | ||